000 003590000a22001450004500
020 _a0-06-444016-8
082 0 4 _aGI CC P219c
100 1 _aParish, Peggy
245 1 0 _aCome back, Amelía Bedelía / Peggy Parish, il. : Wallace Tripp
260 _aNew York : Harper Collins
300 _a64 p.
650 1 4 _aLlteratura Infantil
001 664
942 _cLGB
999 _c47868
_d47868